Meranie výkonov v knižniciach - nekonvenčný úvod

Bibliographic Details
Main Author: Wimmer, Ulla (Author)
Format: Article
Language:Slovak
PhysicalDescription:Tab.
ISSN:1335-793X
Subjects:
Online Access:www.ctvisr.sk/itlib

MARC

LEADER 00000nab a2200000 ar4500
001 vtls009474210
003 SK-MaSNL
005 20260304151150.0
008 250506c2008 xo qr|p||| |000 b|slo
015 |a SNBRB2009/02 
035 |a (uuid)db65754f-fed8-457c-9caf-1956ba21b5aa 
035 |a urn:nbn:sk:snk-abf5d2 
035 |a (urnnbn)urn:nbn:sk:snk:ar-a09pg5 
038 |a SPK 
040 |a SNKBUCL  |b slo  |c SNKBUCL  |e AACR2 
041 0 |a slo  |b slo 
044 |a xo  |c SK 
072 7 |a 02  |x Knihovníctvo. Informatika  |2 konspekt 
080 |a 02  |2 UDC-MRF-SK2 
100 1 |a Wimmer, Ulla  |4 aut  |9 390820 
245 1 0 |a Meranie výkonov v knižniciach - nekonvenčný úvod  |c Ulla Wimmer 
300 |b Tab. 
650 0 7 |a knižnice  |2 snkbucl  |9 17965 
650 0 7 |a výkony  |2 snkbucl  |9 522398 
773 0 |t IT lib : informačné technológie a knižnice  |g Roč. [12], č. 4 (2008), s. 30-35  |x 1335-793X 
850 |a Slovenská národná knižnica 
852 |a Slovenská národná knižnica 
856 4 1 |u www.ctvisr.sk/itlib 
954 |a odborná, vedecká literatúra pôvodná (slovenská)  |2 lita 
958 |a article27 
958 |a OND 
958 |a EUIPO 
999 |c 2941925  |d 2943855